000 00706 a2200193 4500
010 _aENG-86089
020 _a8180381099
_c225.00
035 _aEN-69622
037 _bDBAD / PUB
082 1 4 _a341.481
100 _aJayakumar, N.K.
245 1 _aInternational law and human rights /
_cby Jayakumar, N.K.
260 _aNew Delhi
_bLexisNexis Butterworths
_c2005
270 _a14th Floor, Vijaya Building, 17, Barakhamba Road,
_bNew Delhi
_cNew Delhi
_e110 001
_mcustomer.care@lexisnexis.co.in
_k011-23739614
300 _axviii, 370p.
_c23 cm. (pbk)
490 _aLexisNexis student series
500 _aIncludes bibliographical references and index
942 _adpl
_cEN
_2ddc
_h341.481
_mJAY
999 _c4168
_d4168